| 000 | 01485pam a2200385 a 4500 | ||
|---|---|---|---|
| 001 | 1981925 | ||
| 005 | 20251006160843.0 | ||
| 008 | 890522s1990 nyua 001 0 eng | ||
| 010 | _a 89034889 | ||
| 020 |
_a0070459177 _qrecycled paper |
||
| 020 |
_a9780070459175 _q(recycled paper) |
||
| 035 | _a1981925 | ||
| 040 |
_aDLC _cDLC _dDLC |
||
| 050 | 0 | 0 |
_aTK1001 _b.N38 1990 |
| 082 | 0 | 0 |
_a621.31 _220 _bNAS |
| 100 | 1 |
_aNasar, S. A. _941147 |
|
| 245 | 1 | 0 |
_aSchaum's outline of theory and problems of electric power systems / _cSyed A. Nasar. |
| 246 | 3 | 0 | _aOutline of theory and problems of electric power systems |
| 246 | 1 | 4 | _aTheory and problems of electric power systems |
| 246 | 1 | 8 | _aElectric power systems |
| 260 |
_aNew York : _bMcGraw-Hill, _cc1990. |
||
| 300 |
_a175 p. : _bill. ; _c28 cm. |
||
| 336 |
_atext _btxt _2rdacontent |
||
| 337 |
_aunmediated _bn _2rdamedia |
||
| 338 |
_avolume _bnc _2rdacarrier |
||
| 490 | 0 | _aSchaum's outline series | |
| 500 | _aIncludes index. | ||
| 650 | 0 |
_aElectric power systems. _918375 |
|
| 856 | 4 | 2 |
_3Publisher description _uhttp://www.loc.gov/catdir/description/mh022/89034889.html |
| 856 | 4 | 1 |
_3Table of contents _uhttp://www.loc.gov/catdir/toc/mh021/89034889.html |
| 906 |
_a7 _bcbc _corignew _d1 _eocip _f19 _gy-gencatlg |
||
| 942 |
_2ddc _cBK |
||
| 999 |
_c615075 _d615075 |
||